Normal view
MARC view
- MOORE,COLISTA
Entry Personal Name
001 - CONTROL NUMBER
- control field: 133615
003 - CONTROL NUMBER IDENTIFIER
- control field: NUST
005 - DATE AND TIME OF LATEST TRANSACTION
- control field: 20260310112231.0
008 - FIXED-LENGTH DATA ELEMENTS
- fixed length control field: 260310|| aca||aabn | a|a d
040 ## - CATALOGING SOURCE
- Original cataloging agency: NUST
- Transcribing agency: NUST
100 ## - HEADING--PERSONAL NAME
- Personal name: MOORE,COLISTA
670 ## - SOURCE DATA FOUND
- Source citation: Work cat.: (NUST): MOORE,COLISTA., A STUDENT'S DICTIONARY & GAZETTEER,14TH EDITION /, 2007.
